Statistics for Johnny Sexton Tribute Quiz

Click here to take the quiz!

General Stats

  • This quiz has been taken 4 times
  • The average score is 4 of 15

Answer Stats

HintAnswer% Correct
What Club team did Sexton represent for the rest of his career? (2006-2013, 2015-2023)Leinster
100%
In what year did Johnny Sexton Win world Player of the Year?2018
67%
How many senior rugby tournaments named after alcoholic beverages has Sexton won?4
67%
In 2006 he was interviewed by which future eurovision-entering turkey?Dustin The Turkey
67%
In what country did Sexton Famously Score "le Drop?"France
67%
In said advertisement what colour of pepper did he order on his sandwich?Red
33%
To the nearest 100, how many points did Johnny Sexton Score in test matches?1100
0%
To the nearest 10, How many test matches did Johnny Sexton play in?120
0%
Which method of tying a shoelace was also Johnny Sexton's signature move?A Loop /
Wrap-around
0%
Who did Johnny Sexton call a "Disgrace" leading to him being banned from rugby.Jaco Peyper
0%
Johnny sexton appeared in an advertisement for which irish Grocery Shop?Mace
0%
For which club team did Sexton play from 2013 to 2015?Racing 92
0%
Which analyst famously referred to him as a Jingoistic Sexlibrary?Robbie Owen
0%
Who is Sexton yelling at in the Thumbnail of this quiz?Ronan O'Gara
0%
Sexton famously described himself as having shoulders like what animal?Snake
0%

Score Distribution

Percentile by Number Answered

Percent of People with Each Score

Your Score History

You have not taken this quiz